00422nam a2200181Ia 4500003000900000008004100009040001300050040001300063041000800076100001900084245008400103250000900187260000800196260000900204300001100213300001000224490000600234IT-RoPAU120407s9999 xx 000 0 und d aIT-RoPAU cIT-RoPAU aita aArmando Oberti aNel mondo, per il mondo. Gli istituti secolari ,oggi. A cura di Armando Oberti aRoma aAve c1972 a319 p. c21 cm v1